Quizzes
Events
Quiz Creation
Community
Videos
Private Events
Remove Ads
Sign In
Join for FREE
Feedback
Dark Mode
Quiz Categories
Sports
Geography
Music
Movies
Television
Just For Fun
Miscellaneous
History
Literature
Language
Science
Gaming
Entertainment
Religion
Holiday
For Kids
Quiz Lab
Recent
Popular Today
Quiz Kudos Today
Editor Picks
Curator Picks
Quizzes by...
Day
Popularity
Type
Ratings
Length
Year
Community
Subscriptions
Recent Discussions
Orange Saloon
Badges
Playlists
Quests
Create
Leaderboards
Showdown
Live 5
Trivia Bingo
Activity
Puzzle Library
Sporcle Events
Private Events
Virtual Trivia
Globe League
Become a Host
Pub Owners
SporcleCon
Opinionation
Our Games
Videos
Blog
Mobile Apps
Partnerships
Remove Ads and Go Orange
Feedback
Sports
Athletes
MLB
NBA
NHL
NFL
Soccer
Sports Teams
WWE
NCAA
Football
Premier League
Basketball
Baseball
Hockey
Golf
Tennis
Cricket
Rugby
Auto Racing
Olympics
World Cup
Sports
Athletes
MLB
NBA
NHL
NFL
Soccer
Sports Teams
WWE
NCAA
Football
Premier League
Basketball
Baseball
Hockey
Golf
Tennis
Cricket
Rugby
Auto Racing
Olympics
World Cup
Random Quiz
Search Sporcle
×
Quiz Lab
Quiz Lab
Sports
WWE
Type in answers that appear in a list
Type in answers that appear in a list
Classic
Best Score? Go Orange.
WWE Draft 2016 Raw Roster Stats
Can you name the wrestlers who were drafted to RAW in the 2016 WWE Draft?
By
LeicchaTiger2
7m
33 Questions
3,165 Plays
3,165 Plays
3,165 Plays
Comments
Comments
Give Quiz Kudos
Give Quiz Kudos
-
- Ratings
hide this ad
Replay
Link that replays current quiz
Next Quiz
Link to next quiz in quiz playlist
You Got
0%
They Got
Avg Score
62%
Avg Friend Score
Upgrade to see
Score Distribution
Jump to the score distribution portion of the page
Score
0/33
Timer
07:00
0
Plays Today
Draft No.
Wrestler
% Correct
1
Seth Rollins
96.6%
4
Roman Reigns
90.2%
2
Charlotte
87.4%
8
Sasha Banks
83%
3
Finn Bálor
80.7%
6
The New Day
79.6%
11
Kevin Owens
79.3%
5
Brock Lesnar
75.2%
7
Sami Zayn
72.6%
17
Cesaro
71.6%
18
Sheamus
70.7%
9
Chris Jericho
70.4%
15
Nia Jax
70.2%
12
Enzo & Cass
69.3%
10
Rusev
69%
28
Braun Strowman
67.8%
13
Gallows & Anderson
66.5%
Draft No.
Wrestler
% Correct
14
Big Show
62.1%
19
The Golden Truth
56%
32
Dana Brooke
51.7%
33
Curtis Axel
49.7%
29
Bo Dallas
49.6%
23
Sin Cara
49.5%
20
Titus O'Neil
49.1%
31
Alicia Fox
48.9%
16
Neville
47.7%
27
Mark Henry
47.1%
21
Paige
47%
22
Darren Young
45.3%
30
The Shining Stars
44.6%
25
The Dudley Boyz
38.2%
24
Jack Swagger
36.9%
26
Summer Rae
35.6%
Quiz Playlist
Details
Report
Send in Message
Add To Playlist
Classic:
Type in answers that appear in a list
Last Updated: Jun 19, 2018
Quiz Scoreboard
CHALLENGE
Sign Up to Join the Scoreboard
Show All
Scores
Hide
Comments
May contain spoilers
Recently Published
Presidents Visiting Landmarks
by Hejman
History
7m
An Introduction to Baseball
by treessimontrees
Sports
5m
Movies - When Are They Set?
by FPL_Elf
Movies
5m
More to Explore
Quiz From the Vault
Featured Blog Post
Where Did the Easter Bunny Come From?
hide this ad
You Might Also Like...
Tags
WWE Quiz
Pro Wrestling
Raw
RAW Divas
Raw Guest
Raw Roster
RAW Superstars
Roster
Wrestling
Today's Top Quizzes in Sports
Browse Sports
hide this ad
Today's Top Quizzes in WWE
Browse WWE
Top Contributed Quizzes in Sports
1
Les meilleurs buteurs des matchs entre le PSG et l’OM
2
2022 World Cup Stars
3
FIFA Club World Cup Champions
4
Les entraîneurs de l'OM et du PSG au 21e siècle
5
Name the Premier League winners with different clubs
6
La finale Lions - Afrique du Sud 2021
7
5-to-1: UK Sports Teams
8
England Test cricketers to play under Nasser Hussain
9
Players with Multiple 50 Home Run Seasons
10
AFC Teams Reveal (Wrong Answers Minefield)
Explore More
Trending Topics
Disney
Crossword
Harry Potter
Anime
Marvel
NBA
Kpop
Puzzle
NFL
Song
The Office
Soccer
WWE
Pokémon
Country
hide this ad
More By:
LeicchaTiger2
Quiz
Plays
Rating
Category
Featured
Created
Longest WrestleMania Matches
34,396
4.81
Sports
Mar 16, 2016
30 Years of WWE PPV Main Events
24,668
4.64
Sports
Feb 14, 2016
Shortest WrestleMania Matches
24,050
3.98
Sports
Mar 16, 2016
Every Wrestler at NXT TakeOver
20,389
4.78
Sports
Aug 23, 2016
Women at WWE SummerSlam
15,106
4.67
Sports
Oct 18, 2016
Go to Creator's Profile
Score Distribution
Quiz Creator Spotlight
LeicchaTiger2
Follow
Send a Message
Quizzes Created
-
Created Quiz Play Count
-
More By This Creator
Popular Quizzes Today
1
Find the US States - No Outlines Minefield
2
Find the Countries of Europe - No Outlines Minefield
3
The Countries of the World
4
Find the US States
5
Popular People in 1961
6
US States
7
Risky Map Clicking: Biggest States A-Z
8
1-10 Letter E Words III
More Sports Quizzes
NBA #1 Draft Picks (2000s)
Published
Trending Quizzes
Risky Map Clicking: Least Populous States A-Z
1-10 Letter G Words
1-10 Letter F Words
Risky Map Clicking: Next State Alphabetically
Risky Map Clicking: Biggest States A-Z
Recently Updated
Leaping Animals
pecheneg
Reality TV Shows (A-Z)
bhenderson79
Rickey Henderson's Hall of Fame Teammates
pecheneg
Champions League XIs: Arsenal
pecheneg
Quick Pick: Celebrities in WWE's Hall of Fame
aduchscher
A-Z Keypad Blitz II
pecheneg
Multiple Oscar Actors
pecheneg
Mystery Phrase Blitz: Oscar 'Best Actors'
pecheneg
F. Scott Fitzgerald Novels
LTH
Pick 3 Villains
ddd62291
Trending Topics
Disney
Harry Potter
Anime
Crossword
NBA
Kpop
Marvel
NFL
WWE
Puzzle
Soccer
Country
Pokémon
The Office
Song
Your Account Isn't Verified!
In order to create a playlist on Sporcle, you need to verify the email address you used during registration. Go to your
Sporcle Settings
to finish the process.
Report this User
Report this user for behavior that violates our
Community Guidelines
.
Details:
Send Report
Go to the Sporcle.com Mobile Site →
Comments